Представление документа в формате MARC21

Поле Инд. ПП Название Значение
Тип записи a
Библиографический уровень m
001 Контрольный номер 5c0873f0-8bb5-4f4e-bece-d527efc8ce45
005 Дата корректировки 20140226220049.1
008 Кодируемые данные 001004 d
020 a ISBN 5-86884-020-8
c Цена, тираж 75.00
040 a Служба первич. каталог. НБ ТвГУ
041 a Код языка текста rus
080 a Индекс УДК 882-2
a Индекс УДК 882-3
084 a Индекс другой классификации/Индекс ББК Ш6(2=411.2)6-6
a Индекс другой классификации/Индекс ББК Ш6(2=411.2)6-44
090 a Полочн. индекс Р2
x Авторский знак В16
100 1_ a Автор Вампилов Александр Валентинович
k пьеса
t Прощание в июне
245 00 a Заглавие Избранное
c Ответственность [Сост. О. М. Вампиловой; Предисл. В. Г. Распутина; Вступ. ст. В. Я. Лакшина; Примеч. Т. В. Глазковой; Худож. Г. М. Берштейн]
260 0_ a Место издания Москва
b Издательство Согласие
c Дата издания 1999
300 a Объем 776,[1] с.
b Иллюстрации/ тип воспроизводства ил., портр.
500 a Примечание Содерж.: Пьесы: Прощание в июне; Старший сын; Утиная охота; Провинциальные анекдоты; Прошлым летом в Чулимске; Одноактные пьесы, сценки, монологи; Неоконченное; Рассказы; Из записных книжек.
583 a Действие Получение впервые 255 08.09.2000
k Исполнитель действия Мегапроект "Пушкинская библиотека"
583 a Действие Приписка 287 02.10.2000
k Исполнитель действия Мегапроект "Пушкинская библиотека"
653 a Ключевые слова Художественная
700 1_ a Другие авторы Вампилова Ольга М.
e Роль лиц совт.
t Заглавие произведения Старший сын
k пьеса
700 1_ a Другие авторы Распутин Валентин Г.
e Роль лиц предисл.
t Заглавие произведения Утиная охота
k пьеса
700 1_ a Другие авторы Лакшин Владимир Я.
e Роль лиц вступ. ст.
t Заглавие произведения Провинциальные анекдоты
k пьеса
700 1_ a Другие авторы Глазкова Т. В.
e Роль лиц примеч.
t Заглавие произведения Прошлым летом в Чулимске
k пьеса
888 a За счет средств университета /частично/
930 a Новая/Ретро художественная
952 p 255.2000 75.00 1 724627
p 287.2000 75.00 1 725721
c Вид литературы К рх
954 a Дата поступления на обработку 20000918